000 00292nam a2200145Ia 4500
005 20260513122050.0
020 _a9781316604038
100 _aSteers
365 _c£
365 _b28.00
942 _cBK
245 _aManagement Across Cultures 3/e
260 _bCUP
999 _c32
_d32